000
00270nam a22001217a 4500
003
SGT
082
_a
651.74
_b
KUM
100
_a
KUMAR, RAVINDER
245
_a
LEGAL ASPECTS OF BUSINESS
260
_a
INDIA
_b
CENGAGE LEARNING
_c
2016
300
_a
776
942
_2
ddc
_c
BK
_0
5
999
_c
19042
_d
19042